| 000 | 00343nam a2200145Ia 4500 | ||
|---|---|---|---|
| 008 | 230917s9999||||xx |||||||||||||| ||und|| | ||
| 040 |
_e150159 _aMAIN |
||
| 041 | _aEnglish | ||
| 082 | _a784.4 S64B | ||
| 100 | _aSingh, Vandana | ||
| 245 | 0 | _aBrij ki sangeet parmpara | |
| 260 |
_aNew Delhi _bRadha _c1996 |
||
| 300 | _a191p. p. | ||
| 942 | _cBK | ||
| 999 |
_c93578 _d93578 |
||